|
|
|
|
| LEADER |
00901nam a2200241 a 4500 |
| 001 |
0017267 |
| 003 |
BD-DhAAL |
| 008 |
090706s2000 nyu 000 1 eng d |
| 010 |
|
|
|a 99045753
|
| 020 |
|
|
|a 0140297049 (alk. paper)
|
| 040 |
|
|
|a DLC
|c DLC
|d DLC
|d BD-DhAAL
|
| 082 |
0 |
0 |
|a 813.54
|2 21
|
| 100 |
1 |
|
|a Hamid, Mohsin,
|d 1971-
|9 22962
|
| 245 |
1 |
0 |
|a Moth smoke /
|c Mohsin Hamid.
|
| 260 |
|
|
|a New York :
|b Farrar, Straus, and Giroux ;
|a London :
|b Granta Books ;
|a New Delhi :
|b Penguin Books,
|c 2000.
|
| 300 |
|
|
|a 244 p. ;
|c 22 cm
|
| 526 |
|
|
|a ENH
|
| 541 |
1 |
|
|e 00017267
|a Words N' Pages
|
| 650 |
|
0 |
|a Short stories, American
|
| 852 |
4 |
|
|a Ayesha Abed Library
|c General Stacks
|
| 942 |
|
|
|2 ddc
|c BK
|
| 999 |
|
|
|c 2050
|d 2050
|
| 952 |
|
|
|0 0
|1 0
|2 ddc
|4 0
|6 813_540000000000000_HAM_2000
|7 0
|9 8182
|a BRACUL
|b BRACUL
|c GEN
|d 2010-02-16
|e Words N' Pages
|g 500.00
|l 17
|m 70
|o 813.54 HAM
|p 3010017267
|r 2025-10-25
|s 2025-10-21
|t 1
|w 2010-02-16
|y BK
|